Normal view
MARC view
- Educational.
Entry Topical Term
001 - CONTROL NUMBER
- control field: 46694
003 - CONTROL NUMBER IDENTIFIER
- control field: OSt
005 - DATE AND TIME OF LATEST TRANSACTION
- control field: 20221108141211.0
008 - FIXED-LENGTH DATA ELEMENTS
- fixed length control field: 221108|| aca||aabn | a|a d
040 ## - CATALOGING SOURCE
- Original cataloging agency: OSt
- Transcribing agency: OSt
150 ## - HEADING--TOPICAL TERM
- Topical term or geographic name entry element: Educational.
670 ## - SOURCE DATA FOUND
- Source citation: Work cat.: (OSt): Llemit, Ralph Lawrence G. & Ung, May Angela. 46693, Special needs center / , February 21, 2020.
